L'imposture antispéciste /

Antispecism today violently demands the "liberation" of animals. This would mean banning all animal products, as well as practices deemed "oppressive" (horse riding, hunting, bullfighting, zoos ...), or even prefer the life of a chimpanzee to that of the mentally handicapped. The...

Full description

Bibliographic Details
Main Author: Nicolas, Ariane (Author)
Format: Book
Language:French
Published: Paris : Desclée de Brouwer, [2020]
Subjects:

MARC

Tag First Indicator Second Indicator Subfields
LEADER 00000cam a2200000 i 4500
001 in00004098621
005 20200731155919.0
008 200304t20202020fr b 000 e fre c
035 |a (OCoLC)on1142979620 
040 |a AUXAM  |b eng  |e rda  |c AUXAM  |d TXA 
020 |a 9782220096650  |q (paperback) 
020 |a 2220096653  |q (paperback) 
035 |a (OCoLC)1142979620 
042 |a pcc 
050 4 |a HV4711  |b .N55 2020 
082 4 |a 303 
049 |a TXAM 
100 1 |a Nicolas, Ariane,  |e author. 
245 1 2 |a L'imposture antispéciste /  |c Ariane Nicolas. 
264 1 |a Paris :  |b Desclée de Brouwer,  |c [2020] 
264 4 |c ©2020 
300 |a 263 pages ;  |c 18 cm 
336 |a text  |b txt  |2 rdacontent 
337 |a unmediated  |b n  |2 rdamedia 
338 |a volume  |b nc  |2 rdacarrier 
504 |a Includes bibliographical references. 
520 |a Antispecism today violently demands the "liberation" of animals. This would mean banning all animal products, as well as practices deemed "oppressive" (horse riding, hunting, bullfighting, zoos ...), or even prefer the life of a chimpanzee to that of the mentally handicapped. The antispecist is to the vegan what the integrist is to the believer. This current has influential theorists, like Peter Singer, and politico-media relays, like the association L214 or the Animalist Party. However, the disposition of animals to suffer is not enough to give them fundamental rights on the model of human rights. It is also dishonest to enlist feminism and anti-racism in such a cause. Finally, this utopia hardly hides its links with transhumanism ... The "liberators" of animals then appear more as a symptom of a society which invents an ideology to better face the void which gnaws at it: endless productivism, agrifood industry gone mad, loss of social ties, destruction of planet ... But it is not by making the animal a new messiah that we will change our destiny--Page 4 of cover (in Google Translate). 
650 0 |a Animal rights movement  |x Moral and ethical aspects. 
650 0 |a Animal rights activists. 
650 0 |a Transhumanism. 
650 0 |a Utopias. 
655 7 |a Essays.  |2 lcgft 
938 |a AMALIVRE  |b AUXA  |n AAL0840876-0001 
948 |a cataloged  |b h  |c 2020/7/31  |d c  |e tchubaryan  |f 3:59:05 pm 
994 |a C0  |b TXA 
999 f f |s c8973d4f-8ccb-3471-aec0-38c0796b814d  |i 10df70b8-fbbf-3a29-b3bb-1a6341fcb36e  |t 0 
952 f f |p normal  |a Texas A&M University  |b College Station  |c Sterling C. Evans Library  |d Evans: Library Stacks  |t 0  |e HV4711 .N55 2020  |h Library of Congress classification  |i unmediated -- volume  |m A14851026253 
998 f f |a HV4711 .N55 2020  |t 0  |l Evans: Library Stacks